000
00307nam a2200109Ia 4500
008
180219s9999 xx 000 0 und d
020
_a
9789719159322
100
_a
Duque, Francisco
245
_a
Public health nusing in the Philippines /
260
_a
Davao City
_b
Jade Book Store
_c
1961
300
_a
390 pages
999
_c
355935
_d
355935